Central Library OPAC University of Rajshahi

Introduction to modern biochemistry / (Record no. 11702)

MARC details
000 -LEADER
fixed length control field 00791nam a2200253 4500
001 - CONTROL NUMBER
control field 11702
003 - CONTROL NUMBER IDENTIFIER
rucl marc code BD-RjUL
005 - DATE AND TIME OF LATEST TRANSACTION
control field 20211208235153.0
008 - FIXED-LENGTH DATA ELEMENTS--GENERAL INFORMATION
fixed length control field 140127r19671965nyua b 001 0 eng d
035 ## - SYSTEM CONTROL NUMBER
System control number (BD-RjUL)11751
040 ## - CATALOGING SOURCE
Original cataloging agency DLC/ICU
Transcribing agency ICU
Modifying agency DLC
-- (BD-RjUL)
Language of cataloging eng
041 ## - LANGUAGE CODE
Language code of text/sound track or separate title eng
082 00 - DEWEY DECIMAL CLASSIFICATION NUMBER
Classification number 572
Author mark and year KAI 1967
Edition number 23
100 1# - MAIN ENTRY--PERSONAL NAME
Personal name Karlson, P.
Fuller form of name (Peter),
Dates associated with a name 1918-
9 (RLIN) 36203
245 10 - TITLE STATEMENT
Title Introduction to modern biochemistry /
Statement of responsibility, etc. by P. Karlson. Translated by Charles H. Doering.
250 ## - EDITION STATEMENT
Edition statement 2d ed.
260 ## - PUBLICATION, DISTRIBUTION, ETC. (IMPRINT)
Place of publication, distribution, etc. New York :
Name of publisher, distributor, etc. Academic Press ,
Date of publication, distribution, etc. c1965 [Reprent 1967]
300 ## - PHYSICAL DESCRIPTION
Pagination xx, 436 p. :
Illustrations ill. ;
Size 25 cm.
504 ## - BIBLIOGRAPHY, ETC. NOTE
Bibliography, etc Includes bibliographies and Index
650 #0 - SUBJECT ADDED ENTRY--TOPICAL TERM
Topical term or geographic name as entry element Biochemistry.
9 (RLIN) 36204
700 ## - ADDED ENTRY--PERSONAL NAME
Personal name Doering, Charles H.
942 ## - ADDED ENTRY ELEMENTS (KOHA)
Source of classification or shelving scheme Dewey Decimal Classification
Koha item type Books
Holdings
Lost status Source of classification or shelving scheme Damaged status Not for loan Collection code Permanent Location Current Location Shelving location Date acquired Source of acquisition Cost, normal purchase price Total Checkouts Full call number Date last seen Copy number Koha item type
  Dewey Decimal Classification   Not For Loan Non-fiction Central Library, University of Rajshahi Central Library, University of Rajshahi Reading Room 10/04/1979 Mahsin Brothers Dhaka 198.00   572 KAI 1967 27/01/2014 C-1 Books
  Dewey Decimal Classification     Non-fiction Central Library, University of Rajshahi Central Library, University of Rajshahi   30/06/1981 eureka rajshahi 396.00   572 KAI 1965 30/01/2014 C-2 Books
  Dewey Decimal Classification     Non-fiction Central Library, University of Rajshahi Central Library, University of Rajshahi   01/06/1966 Asia Foundation     572 KAI 1967 30/10/2018 C-3 Books